=LDR 00000nam 2200000 4500 =001 INLIS000000000041449 =005 20130612151002 =008 ***********************************ind** =035 ##$$0010-061300000041449 =041 ##$$a ind =082 ##$$a 410.7 =090 ##$$a 410.7, Hon, =100 ##$$a Honiatri, Euis =245 ##$$a Bahasa dan sastra indonesia SMK =260 ##$$a Armico6c1999 $b Bandung =300 ##$$a 73 hlm., ilus.6c25 cm =850 ##$$a NBPNMAT